UBT Library

Women and mental health / (Record no. 47403)

000 -LEADER
fixed length control field 00646pam a2200241 a 4500
001 - CONTROL NUMBER
control field 4680828
005 - DATE AND TIME OF LATEST TRANSACTION
control field 20180829070405.0
008 - FIXED-LENGTH DATA ELEMENTS--GENERAL INFORMATION
fixed length control field 810616s1981 nyu b 001 0 eng
010 ## - LIBRARY OF CONGRESS CONTROL NUMBER
LC control number 81066982
020 ## - INTERNATIONAL STANDARD BOOK NUMBER
International Standard Book Number 0465092020 :
Terms of availability $22.50
020 ## - INTERNATIONAL STANDARD BOOK NUMBER
International Standard Book Number 0465092004 (pbk.)
040 ## - CATALOGING SOURCE
Original cataloging agency DLC
Transcribing agency DLC
Modifying agency DLC
041 ## - LANGUAGE CODE
Language code of text/sound track or separate title eng
060 ## - NATIONAL LIBRARY OF MEDICINE CALL NUMBER
Classification number WM 30 W872
080 ## - UNIVERSAL DECIMAL CLASSIFICATION NUMBER
Universal Decimal Classification number 616.89
082 00 - DEWEY DECIMAL CLASSIFICATION NUMBER
Classification number 616.89
Edition number 19
100 ## - Rafti
Rafti 3
101 ## - Shkurtesa
Shkurtesa SHM
245 00 - TITLE STATEMENT
Title Women and mental health /
Statement of responsibility, etc edited by Elizabeth Howell and Marjorie Bayes.
504 ## - BIBLIOGRAPHY, ETC. NOTE
Bibliography, etc Includes bibliographies and indexes.
906 ## - LOCAL DATA ELEMENT F, LDF (RLIN)
a 7
b cbc
c orignew
d 1
e opcn
f 19
g y-gencatlg
942 ## - ADDED ENTRY ELEMENTS (KOHA)
Source of classification or shelving scheme
Item type Books
Holdings
Withdrawn status Lost status Source of classification or shelving scheme Damaged status Not for loan Collection code Permanent location Current location Shelving location Date acquired Total Checkouts Full call number Barcode Date last seen Price effective from Koha item type
          Koleksioni i përgjithshem UBT - Lipjan UBT - Lipjan Koleksioni i përgjithshem 08/29/2018   616.89 HOW 002-3011973 08/29/2018 08/29/2018 Books
UBT Library © 2015-2024. All rights reserved University Education for Business and Technology